000 00436nam a2200181Ia 4500
005 20240827095455.0
008 131103s9999 xx 000 0 und d
040 _aLoreto College
041 _aEnglish
082 _a891.43
_bHIL
100 _aBanerjee, R.D.
245 _aComplete course of hindi syllabus
_cR.D.Banerjee
260 _aDelhi
_bGoyal
_c1971
300 _a454p.
650 _aHindi
850 _aLCBED
942 _cBK
999 _c35311
_d85790